<?xml version="1.0" encoding="UTF-8"?>
<collection xmlns="http://www.loc.gov/MARC21/slim">
<record>
  <controlfield tag="001">1953</controlfield>
  <controlfield tag="005">20160701171656.0</controlfield>
  <datafield tag="024" ind1="7" ind2=" ">
    <subfield code="a">10.1051/0004-6361:20020004</subfield>
    <subfield code="2">DOI</subfield>
  </datafield>
  <datafield tag="037" ind1=" " ind2=" ">
    <subfield code="a">ASTROimport-110</subfield>
  </datafield>
  <datafield tag="100" ind1=" " ind2=" ">
    <subfield code="a">Ausseloos, M.</subfield>
  </datafield>
  <datafield tag="260" ind1=" " ind2=" ">
    <subfield code="c">2002</subfield>
  </datafield>
  <datafield tag="245" ind1=" " ind2=" ">
    <subfield code="a">beta Centauri: An eccentric binary with two beta Cep-type components</subfield>
  </datafield>
  <datafield tag="520" ind1=" " ind2=" ">
    <subfield code="a">We introduce our observational study of the orbital motion and the intrinsic variability of the double-lined spectroscopic binary beta Cen. Using 463 high signal-to-noise, high-resolution spectra obtained over a timespan of 12 years it is shown that the radial velocity of beta Cen varies with an orbital period of 357.0 days. We derive for the first time the orbital parameters of beta Cen and find a very eccentric orbit (e=0.81) and similar component masses with a mass ratio M1/M2=1.02. beta Cen forms a challenge for current evolution scenarios in close binaries and it is also a puzzle how a massive binary with such a large eccentricity could have formed in the first place. Both the primary and the secondary exhibit line-profile variations. A period analysis performed on the radial velocity variations of the primary after prewhitening the orbital motion leads to the detection of at least 3 pulsation frequencies while the star does not show any periodic photometric variability. Based on observations obtained with the ESO CAT/CES telescope and the Swiss Euler/CORALIE telescope, both situated at La Silla, Chile. </subfield>
  </datafield>
  <datafield tag="700" ind1=" " ind2=" ">
    <subfield code="a"> Aerts, C.</subfield>
  </datafield>
  <datafield tag="700" ind1=" " ind2=" ">
    <subfield code="a"> Uytterhoeven, K.</subfield>
  </datafield>
  <datafield tag="700" ind1=" " ind2=" ">
    <subfield code="a"> Schrijvers, C.</subfield>
  </datafield>
  <datafield tag="700" ind1=" " ind2=" ">
    <subfield code="a"> Waelkens, C.</subfield>
  </datafield>
  <datafield tag="700" ind1=" " ind2=" ">
    <subfield code="a"> Cuypers, J.</subfield>
  </datafield>
  <datafield tag="773" ind1=" " ind2=" ">
    <subfield code="p">Astronomy and Astrophysics</subfield>
    <subfield code="v">384</subfield>
    <subfield code="y">2002</subfield>
    <subfield code="c">209-214</subfield>
  </datafield>
  <datafield tag="856" ind1="4" ind2="2">
    <subfield code="a">http://esoads.eso.org/abs/2002A%26A...384..209A</subfield>
  </datafield>
  <datafield tag="905" ind1=" " ind2=" ">
    <subfield code="a">published in</subfield>
  </datafield>
  <datafield tag="980" ind1=" " ind2=" ">
    <subfield code="a">REFERD</subfield>
  </datafield>
</record>
</collection>